Countries with the Longest Coastlines - Whammies - Statistics

General Stats
  • This quiz has been taken 40 times
  • The average score is 13 of 20
Answer Stats
Kilometers Country % Correct
137.000 Canada
95%
69.500 United States
95%
73.100 Russia
89%
16.800 China
84%
52.500 Indonesia
84%
34.100 Australia
81%
18.700 Brazil
81%
27.400 Norway
78%
31.300 Chile
73%
11.000 India
70%
15.500 Japan
70%
15.600 Mexico
68%
17.300 Philippines
68%
16.700 United Kingdom
54%
48.800 Denmark (includes Greenland)
41%
6.520 Sweden
32%
10.300 New Zealand
30%
11.200 Papua New Guinea
30%
12.200 France
24%
9.480 Greece
22%
No matching quizzes found
Score Distribution
Percent of People with Each Score
Percentile by Number Answered
Your Score History
You have not taken this quiz